Vista normal
Vista MARC
Entrada Topical Term
Número de registros utilizados en: 1
001 - CONTROL NUMBER
- control field: 4275
003 - CONTROL NUMBER IDENTIFIER
- control field: OSt
005 - DATE AND TIME OF LATEST TRANSACTION
- control field: 20200513133429.0
008 - FIXED-LENGTH DATA ELEMENTS
- fixed length control field: 200513|| aca||aabn | a|a d
040 ## - CATALOGING SOURCE
- Original cataloging agency: OSt
- Transcribing agency: OSt
150 ## - HEADING--TOPICAL TERM
- Topical term or geographic name entry element: Antropología
670 ## - SOURCE DATA FOUND
- Source citation: Work cat.: (OSt)5065: Vieco, Juan José, editor 4273, Territorialidad indígena y ordenamiento en la Amazonia /, 2000